000
00225 a2200097 4500
001
29351
100
_a
Katzan
245
_a
Introduction to Computer and Data Processing
260
_a
_b
Van Norstron
_c
090
_c
19576
_d
19576
942
_a
NUST-CAE
_c
M
_c
10642
999
_c
264424
_d
264424